Assassin's Creed games in chronological order - Statistics

General Stats
  • This quiz has been taken 1,631 times
    984 since last reset
  • The average score is 14 of 23
Answer Stats
Year and Country Game % Correct
431-422 BCE, Greece Assassin's Creed: Odyssey
97%
49 BCE, Egypt Assassin's Creed: Origins
88%
1476, Italy Assassin's Creed II
86%
1191, Israel Assassin's Creed
85%
872-878, Norway/England Assassin's Creed: Valhalla
85%
1715-1722, The Caribbean Assassin's Creed IV: Black Flag
81%
861, Iraq Assassin's Creed: Mirage
80%
1507, Italy Assassin's Creed: Brotherhood
76%
1789-1794, France Assassin's Creed: Unity
76%
1863, England Assassin's Creed: Syndicate
75%
1753-1783, USA Assassin's Creed III
74%
1579, Japan Assassin's Creed: Shadows
71%
1511, Turkey Assassin's Creed: Revelations
66%
1752-1760, USA/Canada Assassin's Creed: Rogue
64%
1918, Russia Assassin's Creed Chronicles: Russia
53%
1526, China Assassin's Creed Chronicles: China
52%
1841, India Assassin's Creed Chronicles: India
52%
1780, USA Assassin's Creed III: Liberation
42%
215 BCE, China Assassin's Creed: Jade
29%
1492, Spain Assassin's Creed (Movie)
17%
1603-1606, Holy Roman Empire Assassin's Creed: Codename Hexe
16%
The Caribbean Assassin's Creed: Pirates
9%
Italy Assassin's Creed: Identity
6%
No matching quizzes found
Score Distribution
Percent of People with Each Score
Percentile by Number Answered
Your Score History
You have not taken this quiz since the last reset